Diagnóstico y perspectivas de racionalización de la energía en el sector transporte en Costa Rica
Furkejuvvon:
| Váldodahkki: | |
|---|---|
| Searvvušdahkkit: | , |
| Materiálatiipa: | Girji |
| Giella: | Spanish |
| Almmustuhtton: |
Bogotá, Colombia
1988
|
| Fáddágilkorat: |
Lasit fáddágilkoriid
Eai fáddágilkorat, Lasit vuosttaš fáddágilkora!
|
MARC
| LEADER | 00000nam a2200000Ia 4500 | ||
|---|---|---|---|
| 003 | 002031 | ||
| 005 | 20221231144015.0 | ||
| 008 | 140114s1988 ck a 000 ||spa d | ||
| 040 | |c cru CEDI | ||
| 082 | |a 662.6 M971d | ||
| 100 | |a Muñoz Umaña, Flor de María |9 14184 | ||
| 245 | |a Diagnóstico y perspectivas de racionalización de la energía en el sector transporte en Costa Rica | ||
| 260 | |a Bogotá, Colombia |c 1988 | ||
| 300 | |a 43 páginas | ||
| 500 | |a Ponencia presentada en el foro Ventajas y desventajas de la dieselización del sector transporte en América Latina. Agosto 31 - Septiembre 3, 1988 | ||
| 710 | |9 21154 |a Ministerio de Minas y Energía de Colombia | ||
| 710 | |9 21155 |a Organización Latinomericana de Energía | ||
| 942 | |2 ddc |c BK | ||
| 999 | |c 15533 |d 15533 | ||
